Clinical naturopathy : (Record no. 172466)

MARC details
000 -LEADER
fixed length control field 01047nam a22002777a 4500
003 - CONTROL NUMBER IDENTIFIER
control field OSt
005 - DATE AND TIME OF LATEST TRANSACTION
control field 20251013134942.0
008 - FIXED-LENGTH DATA ELEMENTS--GENERAL INFORMATION
fixed length control field 251013b |||||||| |||| 00| 0 eng d
020 ## - INTERNATIONAL STANDARD BOOK NUMBER
International Standard Book Number 9780729543026 (Paperback)
Terms of availability USD 65.00
040 ## - CATALOGING SOURCE
Original cataloging agency NUST
Language of cataloging eng
Transcribing agency NUST
Modifying agency NUST
Description conventions rda
050 ## - LIBRARY OF CONGRESS CALL NUMBER
Classification number RM734.5 CLI
245 ## - TITLE STATEMENT
Title Clinical naturopathy :
Remainder of title an evidence-based guide to practice /
Statement of responsibility, etc. edited by Jerome Sarris and Jon Wardle.
250 ## - EDITION STATEMENT
Edition statement Third edition.
260 ## - PUBLICATION, DISTRIBUTION, ETC.
Place of publication, distribution, etc. Chatswood, NSW :
Name of publisher, distributor, etc. Elsevier,
Date of publication, distribution, etc. ©2019.
300 ## - PHYSICAL DESCRIPTION
Extent xiii, 966 pages :
Other physical details Illustrations ;
Dimensions 25 cm.
336 ## - CONTENT TYPE
Source rdacontent
Content type term text
Content type code txt
337 ## - MEDIA TYPE
Source rdamedia
Media type term unmediated
Media type code n
338 ## - CARRIER TYPE
Source rdacarrier
Carrier type term volume
Carrier type code nc
504 ## - BIBLIOGRAPHY, ETC. NOTE
Bibliography, etc. note Includes bibliographical references and index.
650 ## - SUBJECT ADDED ENTRY--TOPICAL TERM
Topical term or geographic name entry element Naturopathy
Form subdivision Practice.
650 ## - SUBJECT ADDED ENTRY--TOPICAL TERM
Topical term or geographic name entry element Complimentary medicine
Form subdivision Evidence based approaches.
650 ## - SUBJECT ADDED ENTRY--TOPICAL TERM
Topical term or geographic name entry element Integrative health
Form subdivision Clinical protocols.
700 ## - ADDED ENTRY--PERSONAL NAME
Personal name Sarris, Jerome
Relator term Editor
700 ## - ADDED ENTRY--PERSONAL NAME
Personal name Wardle, Jon
Relator term Editor
942 ## - ADDED ENTRY ELEMENTS (KOHA)
Source of classification or shelving scheme Library of Congress Classification
Koha item type Ordinary Loan Books
Edition Third edition.
Classification part RM734.5 CLI
Call number prefix RM
Call number suffix CLI
Suppress in OPAC No
Holdings
Withdrawn status Lost status Source of classification or shelving scheme Damaged status Not for loan Collection Home library Current library Shelving location Date acquired Source of acquisition Cost, normal purchase price Total Checkouts Full call number Barcode Date last seen Accession number Cost, replacement price Price effective from Koha item type Public note
    LCC     NFIC Medical Medical GEN 10/13/2025 Book Aid International 65.00   RM734.5 CLI 92004056197 10/13/2025 62919 65.00 10/13/2025 BOOKS Donation